| 000 | 01544nam a22003374a 4500 | ||
|---|---|---|---|
| 001 | ebr10201282 | ||
| 003 | CaPaEBR | ||
| 006 | m u | ||
| 007 | cr cn||||||||| | ||
| 008 | 031007s2002 njua sb 100 0 eng c | ||
| 020 | _z9812381805 (acid-free paper) | ||
| 040 |
_aCaPaEBR _cCaPaEBR |
||
| 035 | _a(OCoLC)614463527 | ||
| 050 | 1 | 4 |
_aQC785.5 _b.I56 2001eb |
| 082 | 0 | 4 |
_a539.7/028/4 _222 |
| 111 | 2 |
_aInternational Conference on Advanced Technology and Particle Physics _n(7th : _d2001 : _cComo, Italy) |
|
| 245 | 1 | 0 |
_aProceedings of the 7th International Conference on Advanced Technology & Particle Physics _h[electronic resource] : _b(ICATPP-7) : Villa Olmo, Como, Italy, 15-19 October 2001 / _ceditors, M. Barone ... [et al.]. |
| 246 | 3 | 0 | _aAdvanced technology & particle physics |
| 246 | 3 | 0 | _aICATPP-7 |
| 260 |
_aRiver Edge, NJ : _bWorld Scientific, _cc2002. |
||
| 300 |
_axiii, 846 p. : _bill. |
||
| 504 | _aIncludes bibliographical references. | ||
| 533 |
_aElectronic reproduction. _bPalo Alto, Calif. : _cebrary, _d2013. _nAvailable via World Wide Web. _nAccess may be limited to ebrary affiliated libraries. |
||
| 650 | 0 |
_aNuclear physics _xInstruments _vCongresses. |
|
| 650 | 0 |
_aParticles (Nuclear physics) _xInstruments _vCongresses. |
|
| 650 | 0 |
_aNuclear counters _vCongresses. |
|
| 655 | 7 |
_aElectronic books. _2local |
|
| 700 | 1 |
_aBarone, M. _q(Maura) |
|
| 710 | 2 | _aebrary, Inc. | |
| 856 | 4 | 0 |
_uhttp://site.ebrary.com/lib/rucke/Doc?id=10201282 _zAn electronic book accessible through the World Wide Web; click to view |
| 999 |
_c222769 _d222769 |
||